| 000 | 00401pab a2200145 454500 | ||
|---|---|---|---|
| 008 | 180718b2004 xxu||||| |||| 00| 0 eng d | ||
| 100 | _aSimon, Julia | ||
| 245 | _aSinging democracy: music and politics in Jean-Jacques Rousseau's thought | ||
| 260 | _c2004 | ||
| 300 | _ap.433-54. | ||
| 362 | _aJul | ||
| 650 | _aRousseau, Jean Jacques | ||
| 773 | _aJournal of the History of Ideas | ||
| 909 | _a64287 | ||
| 999 |
_c64287 _d64287 |
||